068_ Personnalités nées un 9 mars par images - Statistiques

Statistiques générales
  • Ce quiz a été pris 27 fois
  • Le résultat moyen est 4 sur 12
Statistiques - réponses
Par images Hint Réponse % Correct
Actrice et Humoriste Valérie Lemercier
85%
Homme d'affaires Carlos Ghosn
67%
Astronaute Youri Gagarine
67%
Vidéaste Khaby Lame
59%
Acteur Oscar Isaac
37%
Humoriste Pierre-Emmanuel Barré
33%
Politicien Jean-Pierre Chevènement
26%
Navigateur Amerigo Vespucci
19%
Politicien Honoré-Gabriel Riqueti de Mirabeau
11%
Politicien Matteo Salvini
11%
Actrice Brittany Snow
0%
Militaire Jean-Baptiste Kléber
0%
Aucun quiz correspondant
Distribution des résultats
% des personnes avec chaque résultat
Percentile par nombre de réponses
Votre historique - résultats
Vous n’avez pas pris ce quiz